EUROPEAN COMMUNITY LAW (Record no. 25531)

MARC details
000 -LEADER
fixed length control field 00309nam a22001337a 4500
020 ## - INTERNATIONAL STANDARD BOOK NUMBER
International Standard Book Number 9780406056702
082 ## - DEWEY DECIMAL CLASSIFICATION NUMBER
Classification number 341.2422
Item number EDW
100 ## - MAIN ENTRY--PERSONAL NAME
Personal name EDWARD DAVID O
245 ## - TITLE STATEMENT
Title EUROPEAN COMMUNITY LAW
Remainder of title AN INTRODUCTION
250 ## - EDITION STATEMENT
Edition statement 2
260 ## - PUBLICATION, DISTRIBUTION, ETC. (IMPRINT)
Place of publication, distribution, etc SCOTLAND
Name of publisher, distributor, etc BUTTERWORTH
Year of Publication 1995
300 ## - PAGE DESCRIPTION
No. of Pages 166
942 ## - ADDED ENTRY ELEMENTS (KOHA)
Source of classification or shelving scheme Dewey Decimal Classification
Koha item type Books
Holdings
Withdrawn status Lost status Source of classification or shelving scheme Damaged status Not for loan Collection code Home library Current library Shelving location Date acquired SGTU Total Checkouts Full call number Accession No. (Barcode) Date last seen Bill Date Koha item type
    Dewey Decimal Classification   Not For Loan LAW SGT Science & Social Sciences Library SGT Science & Social Sciences Library Reference Book 28/12/2023 SGTU   341.2422 EDW FL3209 28/12/2023 28/12/2023 Books